000 00459nam a2200145Ia 4500
082 _a620.11
_bBRA
_cL-21, P-11
100 _aBrady,George S.
_947180
245 _aMaterials handbook
_ban encyclopedia for managers- technical professionals- purchasing and..
260 _aNew York :
_bMcGraw-Hill,
_c1947
300 _a831p
526 _a0
_b0
_c0
_d620_110000000000000_BRA
650 _aMaterials -- Dictionaries
_947181
650 _aMCE
_9379
942 _2ddc
_cBK
999 _c550475
_d550475